Regresná a korelačná analýza s aplikáciami v softvéri SAS - zbierka príkladov
Gespeichert in:
| 1. Verfasser: | |
|---|---|
| Körperschaft: | |
| Weitere Verfasser: | , , , |
| Format: | Buch |
| Sprache: | Slowakisch |
| Veröffentlicht: |
Bratislava
Letra Edu
2020
|
| Ausgabe: | 1. vydanie |
| Schlagworte: | |
| Tags: |
Keine Tags, Fügen Sie das erste Tag hinzu!
|
MARC
| LEADER | 00000nam a2200000 4500 | ||
|---|---|---|---|
| 001 | 0262902 | ||
| 005 | 20250702090314.0 | ||
| 020 | |a 978-80-89962-52-5 | ||
| 020 | |a 978-80-89962-53-2 | ||
| 041 | 0 | |a slo | |
| 044 | |a SK | ||
| 245 | 1 | 0 | |a Regresná a korelačná analýza |b s aplikáciami v softvéri SAS - zbierka príkladov |c Erik Šoltés a kolektív ; recenzovali: Mária Vojtková, Luboš Marek |
| 250 | |a 1. vydanie | ||
| 264 | 1 | |a Bratislava |b Letra Edu |c 2020 | |
| 300 | |a 215 s. [11,27 AH] | ||
| 610 | 2 | 0 | |a analýza regresná |
| 610 | 2 | 0 | |a analýza korelačná |
| 610 | 2 | 0 | |a softvér |
| 610 | 2 | 0 | |a modely lineárne |
| 610 | 2 | 0 | |a modely regresné |
| 610 | 2 | 0 | |a modely nelineárne |
| 610 | 2 | 0 | |a štatistika |
| 100 | 1 | |a Šoltés, Erik, 1974- | |
| 700 | 1 | |a Šoltésová, Tatiana, 1975- | |
| 700 | 1 | |a Kotlebová, Eva | |
| 700 | 1 | |a Vojtková, Mária, 1966- | |
| 700 | 1 | |a Marek, Luboš | |
| 710 | 2 | |a Ekonomická univerzita v Bratislave. Fakulta hospodárskej informatiky | |